Solve the Mystery City #1 - Statistics

General Stats
  • This quiz has been taken 36 times
  • The average score is 24 of 36
Answer Stats
Hint Hint Answer % Correct
#3 Called the big apple New York City
96%
#2 Home to Disneyworld Orlando
96%
#1 Largest city (population) in Nevada Las Vegas
92%
#1 Was devastated by Hurricane Katrina New Orleans
92%
#1 Home to Independence Hall Philadelphia
92%
#1 Capital of North Carolina Raleigh
92%
#2 Most populous city on the Great lakes Chicago
88%
#2 Most populous city on the Mexican border in Texas El Paso
88%
#4 Capital of Arkansas Little Rock
88%
#2 Home to the Country Hall of Fame Nashville
88%
#3 Largest city (population) in Nebraska Omaha
88%
#1 Suburb of Los Angeles home to Disneyland Anaheim
85%
#2 Nevada city on the California border Reno
85%
#1 Second largest city (population) in Arizona Tucson
85%
#3 Most populous city on lake Erie in New York Buffalo
81%
#1 MYSTERY CITY Portland
77%
#3 MYSTERY CITY Boston
73%
#3 Most populous city on the Mexican border San Diego
73%
#2 MYSTERY CITY Anchorage
69%
#2 Home to Centennial Olympic Park Atlanta
69%
#1 Has the largest airport in the United States Denver
69%
#4 Home to the University of Michigan Ann Arbor
65%
#1 Home to the NBA team "Thunder" Oklahoma City
65%
#3 Home to the MLB team "Rays" Tampa
65%
#2 Georgia city home to famous golf tournament Augusta
62%
#2 Birthplace of Micheal Jackson Gary
54%
#2 Largest city (population) in Alabama Huntsville
54%
#4 Second biggest city (population) in Oklahoma Tulsa
54%
#4 Oregon city known for track and field Eugene
50%
#4 Origin of racial justice protests in 2020 Minneapolis
50%
#4 Biggest city (population) in Connecticut Bridgeport
38%
#4 MYSTERY CITY Baltimore
35%
#3 Kansas City suburb (in Kansas) Overland Park
27%
#4 California ranked #1 in fiscal strength (nationally) Irvine
23%
#4 California city known for citrus fruit production Riverside
19%
#4 Home to the Carnegie Art Museum Oxnard
0%
No matching quizzes found
Score Distribution
Percent of People with Each Score
Percentile by Number Answered
Your Score History
You have not taken this quiz